• 首页
  • 本馆介绍
  • 公告通知
  • 最新文献
  • 馆藏检索
  • 电子资源
  • 读者导购
  • 参考咨询
  • 我的图书馆
  • 登录
  • 详细信息显示
  • 放入我的书架
  • 预约/预借图书
  • 作者相关作品
  • 分类相关作品
  • 丛书相关作品
  • 出版社相关作品

书目信息

  • 表格格式
  • 工作单格式
  • 卡片格式
题名:
睡眠与梦
    
 
作者: 万文鹏 , 阮若赋 编著
分册:  
出版信息: 北京   科学出版社  1985
页数: 157页
开本: 19cm
丛书名: 现代心理学普及丛书
单 册:
中图分类: R338.63
科图分类:
主题词: 人体生理学
电子资源:
ISBN:
000 00737nam2 2200277 45
001 0185000258
005 20040520142301.8
010    @dCNY0.98
091    @a14031.74
100    @a19900921d1985 em y0chiy0121 ea
101 0  @achi
102    @aCN@b110000
105    @ay z 000yy
106    @ar
200 10 @a睡眠与梦@Ashui mian yu meng@f万文鹏, 阮若赋编著
210    @a北京@c科学出版社@d1985
215    @a157页@d19cm
225 2  @a现代心理学普及丛书
410  0 @120010@a现代心理学普及丛书
606 0  @a人体生理学
690    @aR338.63
701  0 @a万文鹏@Awan wen peng@4编著
701  0 @a阮若赋@Aruan ruo fu@4编著
801  0 @aCN@b深圳图书馆@c20040520
801  2 @aCN@bNLC@c20040520
905    @f2@b139807-808@dR338.63@e22
    
    睡眠与梦/万文鹏, 阮若赋编著.-北京:科学出版社,1985
    157页;19cm.-(现代心理学普及丛书)
    
    
    ISBN :CNY0.98
    
●
相关链接 在E读中查询图书 在五车中查询图书 在当当中查询图书 在豆瓣中查询图书


正题名:睡眠与梦     索取号:R338.63/22         预约/预借

序号 登录号 条形码 馆藏地/架位号 状态 备注
1 0139807   000708470   密集书库/ [索取号:R338.63/22] 在馆    
2 0139808   000708443   第三借阅区/ [索取号:R338.63/22] 在馆    
3 0139809   000710181   第二样本阅览室/ [索取号:R338.63/22] 在馆    
唐山师范学院图书馆 欢迎您!
大连网信软件有限公司© 版权所有